[Event "CAN-ch"]
[Site "Montreal CAN"]
[Date "2001.08.22"]
[Round "2"]
[White "Chabot, Roland"]
[Black "St Amand, Paul Jr"]
[Result "1/2-1/2"]
[WhiteElo "2225"]
[BlackElo "2208"]
[PlyCount "52"]
[GameId "2160767911546917"]
[EventDate "2001.08.21"]
[EventType "swiss"]
[EventRounds "9"]
[EventCountry "CAN"]
[SourceTitle "The Week in Chess 355"]
[Source "Mark Crowther"]
[SourceDate "2001.08.27"]
[SourceVersion "1"]
[SourceVersionDate "2001.08.27"]
[SourceQuality "2"]

1. d4 Nf6 2. c4 e5 3. dxe5 Ng4 4. Nf3 Bc5 5. e3 Nc6 6. Nc3 Ngxe5 7. Nxe5 Nxe5 8. Be2 O-O 9. O-O d6 10. f4 Nc6 11. Bf3 Re8 12. Re1 Bf5 13. a3 a5 14. Kh1 Rb8 15. g3 f6 16. Bg2 Qd7 17. e4 Bg4 18. Qd3 Bh3 19. Be3 Bxg2+ 20. Kxg2 Bxe3 21. Rxe3 Qf7 22. Rae1 Rbd8 23. b3 Rd7 24. Nd5 Nd8 25. Qc3 Nc6 26. Qd3 Nd8 1/2-1/2

[Event "CAN-ch"]
[Site "Montreal CAN"]
[Date "2001.08.22"]
[Round "2"]
[White "Gardner, Robert"]
[Black "Lipnowski, Irwin"]
[Result "1-0"]
[WhiteElo "2206"]
[BlackElo "2309"]
[PlyCount "73"]
[GameId "2160767911546918"]
[EventDate "2001.08.21"]
[EventType "swiss"]
[EventRounds "9"]
[EventCountry "CAN"]
[SourceTitle "The Week in Chess 355"]
[Source "Mark Crowther"]
[SourceDate "2001.08.27"]
[SourceVersion "1"]
[SourceVersionDate "2001.08.27"]
[SourceQuality "2"]

1. f4 Nf6 2. Nf3 d5 3. g3 g6 4. Bg2 Bg7 5. O-O O-O 6. d3 c5 7. Nc3 d4 8. Ne4 Nfd7 9. e3 Nc6 10. Qe2 b6 11. Neg5 h6 12. Nxd4 Nxd4 13. exd4 Rb8 14. Nf3 cxd4 15. b3 Nf6 16. Ne5 Bb7 17. Nc6 Bxc6 18. Bxc6 Rc8 19. Bf3 Nd5 20. Bxd5 Qxd5 21. Rf2 Rc6 22. Qxe7 Re6 23. Qb4 Rfe8 24. Bd2 Re2 25. Raf1 Qh5 26. Qc4 Rxf2 27. Rxf2 Qd1+ 28. Kg2 Re2 29. Bb4 a5 30. Bd6 Re1 31. Kh3 Qh5+ 32. Kg2 Qd1 33. Qd5 Rg1+ 34. Kh3 Qe1 35. Rf3 Qe2 36. f5 g5 37. f6 1-0

[Event "CAN-ch"]
[Site "Montreal CAN"]
[Date "2001.08.22"]
[Round "2"]
[White "Khassanov, Marat"]
[Black "Kiviaho, Robert"]
[Result "1-0"]
[WhiteElo "2363"]
[BlackElo "2170"]
[PlyCount "85"]
[GameId "2160767911546923"]
[EventDate "2001.08.21"]
[EventType "swiss"]
[EventRounds "9"]
[EventCountry "CAN"]
[SourceTitle "EXT 2002"]
[Source "ChessBase"]
[SourceDate "2001.11.25"]
[SourceVersion "1"]
[SourceVersionDate "2001.11.25"]
[SourceQuality "1"]

1. d4 d5 2. c4 e6 3. Nf3 Nf6 4. g3 Be7 5. Bg2 O-O 6. O-O c6 7. b3 a5 8. Bb2 a4 9. Nbd2 b5 10. a3 bxc4 11. bxc4 Qb6 12. Rb1 Nbd7 13. Qc2 Ba6 14. Rfc1 Rfc8 15. h3 h6 16. e4 Qd8 17. e5 Ne8 18. c5 Bb5 19. Bc3 Ra7 20. Rb4 Rca8 21. Nb1 Nc7 22. Be1 Qc8 23. Nc3 Nb8 24. Rcb1 Nba6 25. Rxa4 Bxa4 26. Nxa4 Rb8 27. Nb6 Qe8 28. a4 Na8 29. Bf1 N6c7 30. h4 Bd8 31. Bd3 Qe7 32. Nxd5 Nxd5 33. Rxb8 Nac7 34. Qb3 g6 35. Rc8 Qd7 36. Rb8 Kg7 37. Bd2 Be7 38. h5 gxh5 39. Bc4 f5 40. exf6+ Bxf6 41. Qd3 Ne8 42. Qg6+ Kf8 43. Bxh6+ 1-0

[Event "CAN-ch"]
[Site "Montreal CAN"]
[Date "2001.08.22"]
[Round "2"]
[White "Milicevic, Dragoljub"]
[Black "Hamilton, Robert"]
[Result "1/2-1/2"]
[WhiteElo "2269"]
[BlackElo "2307"]
[PlyCount "80"]
[GameId "2160767911546926"]
[EventDate "2001.08.21"]
[EventType "swiss"]
[EventRounds "9"]
[EventCountry "CAN"]
[SourceTitle "The Week in Chess 355"]
[Source "Mark Crowther"]
[SourceDate "2001.08.27"]
[SourceVersion "1"]
[SourceVersionDate "2001.08.27"]
[SourceQuality "2"]

1. Nf3 g6 2. g3 Bg7 3. Bg2 Nf6 4. O-O O-O 5. d4 d6 6. c4 c6 7. Nc3 Bf5 8. Re1 Ne4 9. Nxe4 Bxe4 10. Ng5 Bxg2 11. Kxg2 Nd7 12. e4 Qb6 13. Nf3 Qa6 14. Qe2 b5 15. cxb5 Qxb5 16. Qxb5 cxb5 17. Bg5 f6 18. Be3 d5 19. Bd2 dxe4 20. Rxe4 Kf7 21. Bb4 Rfe8 22. Rae1 e6 23. h4 Nb6 24. Bc5 Nd5 25. R4e2 a5 26. Nd2 f5 27. Nf3 h6 28. Ne5+ Bxe5 29. Rxe5 Rac8 30. R5e2 Rc6 31. a3 a4 32. b3 Nc3 33. Rb2 Ne4 34. bxa4 bxa4 35. Rb7+ Kf6 36. Ra7 Nxc5 37. dxc5 Rxc5 38. Rxa4 Rec8 39. Ra6 R8c6 40. Rxc6 Rxc6 1/2-1/2

[Event "CAN-ch"]
[Site "Montreal CAN"]
[Date "2001.08.22"]
[Round "2"]
[White "Spraggett, Kevin"]
[Black "Odachowski, Arthur"]
[Result "1-0"]
[WhiteElo "2531"]
[BlackElo "2197"]
[PlyCount "61"]
[GameId "2160767911546929"]
[EventDate "2001.08.21"]
[EventType "swiss"]
[EventRounds "9"]
[EventCountry "CAN"]
[SourceTitle "The Week in Chess 355"]
[Source "Mark Crowther"]
[SourceDate "2001.08.27"]
[SourceVersion "1"]
[SourceVersionDate "2001.08.27"]
[SourceQuality "2"]

1. e4 c5 2. Nf3 d6 3. d4 cxd4 4. Nxd4 Nf6 5. Nc3 Nc6 6. Bg5 e6 7. Qd2 a6 8. O-O-O h6 9. Be3 Bd7 10. f3 b5 11. Kb1 Nxd4 12. Bxd4 b4 13. Ne2 e5 14. Be3 a5 15. Nc1 Qc7 16. g4 Be7 17. h4 Rb8 18. Bh3 a4 19. g5 hxg5 20. Bxd7+ Qxd7 21. hxg5 Nh5 22. Nd3 b3 23. cxb3 axb3 24. a3 g6 25. Nb4 Rg8 26. Nd5 Bd8 27. Rc1 f5 28. gxf6 Nxf6 29. Bg5 Nxd5 30. Qxd5 Rf8 31. Bxd8 1-0

[Event "CAN-ch"]
[Site "Montreal CAN"]
[Date "2001.08.22"]
[Round "3"]
[White "Ghannoum, Marc"]
[Black "Spraggett, Kevin"]
[Result "0-1"]
[WhiteElo "2192"]
[BlackElo "2531"]
[PlyCount "68"]
[GameId "2160767911546930"]
[EventDate "2001.08.21"]
[EventType "swiss"]
[EventRounds "9"]
[EventCountry "CAN"]
[SourceTitle "The Week in Chess 355"]
[Source "Mark Crowther"]
[SourceDate "2001.08.27"]
[SourceVersion "1"]
[SourceVersionDate "2001.08.27"]
[SourceQuality "2"]

1. e4 c5 2. Nc3 e6 3. f4 a6 4. Nf3 Qc7 5. g3 Nc6 6. Bg2 b5 7. O-O Bb7 8. d3 b4 9. Ne2 Nf6 10. c4 bxc3 11. Nxc3 Be7 12. h3 d5 13. b3 dxe4 14. dxe4 Rd8 15. Bd2 Nd4 16. e5 Nxf3+ 17. Bxf3 Bxf3 18. Rxf3 Nd5 19. Qe2 Nb4 20. Rc1 Nc6 21. Rd3 O-O 22. Na4 Rxd3 23. Qxd3 Rd8 24. Qe3 Nd4 25. Bc3 Nf5 26. Qf3 h5 27. Kf2 c4 28. Be1 Qa7+ 29. Kg2 cxb3 30. Bf2 b2 31. Nxb2 Rd2 32. Rc8+ Kh7 33. Qxh5+ Nh6 34. Nd1 Qb7+ 0-1

[Event "CAN-ch"]
[Site "Montreal CAN"]
[Date "2001.08.22"]
[Round "3"]
[White "Haessel, Dale"]
[Black "Khassanov, Marat"]
[Result "1/2-1/2"]
[WhiteElo "2205"]
[BlackElo "2363"]
[PlyCount "75"]
[GameId "2160767911546932"]
[EventDate "2001.08.21"]
[EventType "swiss"]
[EventRounds "9"]
[EventCountry "CAN"]
[SourceTitle "EXT 2002"]
[Source "ChessBase"]
[SourceDate "2001.11.25"]
[SourceVersion "1"]
[SourceVersionDate "2001.11.25"]
[SourceQuality "1"]

1. c4 e5 2. g3 Nf6 3. Bg2 c6 4. d4 Bb4+ 5. Bd2 Bxd2+ 6. Qxd2 d6 7. dxe5 dxe5 8. Qxd8+ Kxd8 9. Nf3 Nbd7 10. Nc3 Kc7 11. O-O-O Ng4 12. Rhf1 f6 13. h3 Nh6 14. Ne4 a5 15. Nd6 Nc5 16. Nxc8 Raxc8 17. Nd2 Rcd8 18. Ne4 Kb6 19. b3 Nf5 20. Kb2 Nxe4 21. Bxe4 Nd6 22. Bc2 g6 23. Kc3 Rd7 24. Rd2 Rhd8 25. Rfd1 Kc7 26. Bd3 f5 27. a3 e4 28. c5 exd3 29. cxd6+ Rxd6 30. Rxd3 Rxd3+ 31. Rxd3 Re8 32. e3 Re7 33. Rd4 c5 34. Rd5 Kc6 35. Rd8 b5 36. Rc8+ Kb6 37. Rb8+ Kc6 38. Rc8+ 1/2-1/2

[Event "CAN-ch"]
[Site "Montreal CAN"]
[Date "2001.08.22"]
[Round "3"]
[White "Hamilton, Robert"]
[Black "Mikanovic, Goran"]
[Result "1/2-1/2"]
[WhiteElo "2307"]
[BlackElo "2273"]
[PlyCount "131"]
[GameId "2160767911546933"]
[EventDate "2001.08.21"]
[EventType "swiss"]
[EventRounds "9"]
[EventCountry "CAN"]
[SourceTitle "The Week in Chess 355"]
[Source "Mark Crowther"]
[SourceDate "2001.08.27"]
[SourceVersion "1"]
[SourceVersionDate "2001.08.27"]
[SourceQuality "2"]

1. d4 Nf6 2. c4 e6 3. Nc3 Bb4 4. Qc2 O-O 5. Nf3 c5 6. dxc5 Na6 7. a3 Bxc3+ 8. Qxc3 Nxc5 9. e3 a5 10. b3 b6 11. Be2 Bb7 12. O-O d6 13. Nd2 e5 14. b4 Nfe4 15. Nxe4 Nxe4 16. Qb2 Qc7 17. f3 Nf6 18. e4 Ba6 19. Be3 Rfb8 20. Rac1 axb4 21. axb4 Bc8 22. Rfd1 Be6 23. Qd2 Ne8 24. Qc2 Ra3 25. Rd3 Rba8 26. Rxa3 Rxa3 27. Qd2 Qb8 28. Bf1 h6 29. Qf2 Nf6 30. Bxb6 Nd7 31. Ba5 f5 32. exf5 Bxf5 33. Rd1 Nf6 34. Qd2 Qa7+ 35. Qf2 Qf7 36. Rxd6 e4 37. Bd8 Ne8 38. Rd1 exf3 39. gxf3 Rc3 40. Bh4 Rc2 41. Qe3 Qg6+ 42. Bg3 Nf6 43. Rd2 h5 44. Rxc2 Bxc2 45. Qf4 Bd3 46. b5 Bxf1 47. Kxf1 Qd3+ 48. Kg2 Qc2+ 49. Bf2 Qg6+ 50. Qg3 Qf7 51. Bd4 Qxc4 52. Bxf6 Qc2+ 53. Qf2 Qg6+ 54. Kh1 Qxf6 55. b6 Qg6 56. Qa2+ Kh7 57. b7 Qd3 58. Kg2 Qg6+ 59. Kf1 Qd3+ 60. Ke1 Qe3+ 61. Qe2 Qc3+ 62. Kf2 Qc7 63. Qe3 Qc2+ 64. Kg3 Qc7+ 65. Qf4 Qxb7 66. h4 1/2-1/2

[Event "CAN-ch"]
[Site "Montreal CAN"]
[Date "2001.08.22"]
[Round "3"]
[White "Kiviaho, Robert"]
[Black "Gurevich, Artjom"]
[Result "0-1"]
[WhiteElo "2170"]
[BlackElo "2197"]
[PlyCount "146"]
[GameId "2160767911546934"]
[EventDate "2001.08.21"]
[EventType "swiss"]
[EventRounds "9"]
[EventCountry "CAN"]
[SourceTitle "EXT 2002"]
[Source "ChessBase"]
[SourceDate "2001.11.25"]
[SourceVersion "1"]
[SourceVersionDate "2001.11.25"]
[SourceQuality "1"]

1. e4 c5 2. Nf3 e6 3. d4 cxd4 4. Nxd4 a6 5. Bd3 Bc5 6. Nb3 Be7 7. O-O d6 8. f4 Nf6 9. Kh1 Nbd7 10. Bd2 O-O 11. c4 b6 12. Qe2 Qc7 13. Bc3 e5 14. f5 Bb7 15. Bd2 b5 16. Rc1 bxc4 17. Bxc4 Qb8 18. Nc3 a5 19. Rab1 a4 20. Na1 Nc5 21. Nd5 Bxd5 22. Bxd5 Nxd5 23. exd5 Qb7 24. Rd1 Rfb8 25. Be3 Nd7 26. Qd2 Bd8 27. Nc2 Nf6 28. Bg1 Ra5 29. Ne3 Rb5 30. Qe2 Qa8 31. Rd2 Be7 32. Qc4 Qa5 33. Qe2 h6 34. Qd3 e4 35. Qd4 Rb4 36. Qc3 Qb5 37. Qc6 Nd7 38. Bf2 Ne5 39. Qxb5 R8xb5 40. Kg1 Nd3 41. Kf1 Bg5 42. Ke2 Bxe3 43. Bxe3 Rxd5 44. g4 Rdb5 45. Rc2 Rxb2 46. Rbxb2 Rxb2 47. Rxb2 Nxb2 48. Bd4 Nc4 49. Kd1 g6 50. Kc2 Na3+ 51. Kd2 Nb5 52. Bf6 d5 53. Ke3 gxf5 54. gxf5 Nd6 55. Kd4 Nxf5+ 56. Kxd5 e3 57. Ke4 e2 58. Bc3 Nh4 59. Kd3 Nf3 60. Kxe2 Nxh2 61. Kd3 h5 62. Kc4 h4 63. Be5 Nf3 64. Bf4 Kf8 65. Kb4 Ke8 66. Kxa4 Kd7 67. Kb5 h3 68. a4 h2 69. Bxh2 Nxh2 70. Kb6 Kc8 71. a5 Kb8 72. Kc5 Ng4 73. Kd4 f5 0-1

[Event "CAN-ch"]
[Site "Montreal CAN"]
[Date "2001.08.22"]
[Round "3"]
[White "Reddy, Tyler"]
[Black "Gardner, Robert"]
[Result "0-1"]
[WhiteElo "2084"]
[BlackElo "2206"]
[PlyCount "88"]
[GameId "2160767911546939"]
[EventDate "2001.08.21"]
[EventType "swiss"]
[EventRounds "9"]
[EventCountry "CAN"]
[SourceTitle "The Week in Chess 355"]
[Source "Mark Crowther"]
[SourceDate "2001.08.27"]
[SourceVersion "1"]
[SourceVersionDate "2001.08.27"]
[SourceQuality "2"]

1. c4 f5 2. g3 Nf6 3. Bg2 g6 4. Nc3 Bg7 5. e3 e5 6. Nge2 c6 7. d4 e4 8. d5 d6 9. O-O c5 10. a3 Nbd7 11. f3 exf3 12. Bxf3 Ne5 13. Bg2 O-O 14. b3 Re8 15. h3 Ne4 16. Bb2 Qg5 17. Nxe4 fxe4 18. Qd2 Nf3+ 19. Bxf3 Bxb2 20. Qxb2 Qxe3+ 21. Kh2 exf3 22. Ng1 Bg4 23. Rf2 Qh6 24. Qf6 Rad8 25. h4 Rf8 26. Qe7 Rd7 27. Qe4 Qh5 28. Raf1 Rdf7 29. Nh3 h6 30. Rh1 g5 31. Kg1 Bxh3 32. Rxh3 g4 33. Rh1 Qf5 34. Qe3 h5 35. Kh2 Qe5 36. Qd3 Kg7 37. Qd2 Re8 38. Rhf1 Qe3 39. Qb2+ Re5 40. Qb1 Rfe7 41. Qb2 Kh7 42. Kh1 Qd3 43. Kh2 Re2 44. Qf6 Qe3 0-1

[Event "CAN-ch"]
[Site "Montreal CAN"]
[Date "2001.08.22"]
[Round "3"]
[White "Yoos, John"]
[Black "Lipnowski, Irwin"]
[Result "0-1"]
[WhiteElo "2360"]
[BlackElo "2309"]
[PlyCount "148"]
[GameId "2160767911546944"]
[EventDate "2001.08.21"]
[EventType "swiss"]
[EventRounds "9"]
[EventCountry "CAN"]
[SourceTitle "EXT 2002"]
[Source "ChessBase"]
[SourceDate "2001.11.25"]
[SourceVersion "1"]
[SourceVersionDate "2001.11.25"]
[SourceQuality "1"]

1. e4 c5 2. Nf3 e6 3. d4 cxd4 4. Nxd4 a6 5. Bd3 Nf6 6. O-O d6 7. c4 Nbd7 8. Qe2 g6 9. Nc3 Bg7 10. Nf3 O-O 11. Rd1 Qc7 12. Bf4 Ne5 13. h3 b6 14. Rac1 Bb7 15. b3 Rac8 16. Bb1 Rfe8 17. g4 Nfd7 18. Ne1 Nc5 19. Qd2 Bf8 20. Bg3 Qb8 21. Qe3 Ba8 22. Bxe5 dxe5 23. b4 Nb7 24. a3 Nd6 25. c5 bxc5 26. bxc5 Nc4 27. Qe2 Nxa3 28. Bd3 Rxc5 29. Bxa6 Qc7 30. Na2 Qa5 31. Bd3 Rec8 32. Rxc5 Rxc5 33. Qd2 Qxd2 34. Rxd2 Nb5 35. Rc2 Nd4 36. Rxc5 Bxc5 37. Kf1 Kg7 38. Nc1 Kf6 39. Ne2 Kg5 40. Ng1 h5 41. gxh5 Kxh5 42. Ngf3 Nxf3 43. Nxf3 Bd6 44. Kg2 Bc6 45. Kg3 f5 46. Nd2 Bb4 47. Nc4 Bc3 48. Nd6 Kg5 49. h4+ Kf6 50. f3 Be1+ 51. Kh3 Bb4 52. Nc4 Ba4 53. Ne3 Bd2 54. Nf1 Bf4 55. Kg2 Ke7 56. exf5 gxf5 57. Ng3 Bxg3 58. Kxg3 Kf6 59. Bc4 Bc6 60. Be2 Kg6 61. f4 exf4+ 62. Kxf4 Kf6 63. Bh5 e5+ 64. Kg3 f4+ 65. Kf2 e4 66. Ke2 Ke5 67. Bg4 Kd4 68. h5 f3+ 69. Kd1 Ba4+ 70. Kd2 e3+ 71. Ke1 f2+ 72. Kf1 Kd3 73. h6 Kd2 74. Be2 Bd7 0-1

[Event "CAN-ch"]
[Site "Montreal CAN"]
[Date "2001.08.23"]
[Round "4"]
[White "Bluvshtein, Mark"]
[Black "Gardner, Robert"]
[Result "1-0"]
[WhiteElo "2303"]
[BlackElo "2206"]
[PlyCount "89"]
[GameId "2160767911546945"]
[EventDate "2001.08.21"]
[EventType "swiss"]
[EventRounds "9"]
[EventCountry "CAN"]
[SourceTitle "The Week in Chess 355"]
[Source "Mark Crowther"]
[SourceDate "2001.08.27"]
[SourceVersion "1"]
[SourceVersionDate "2001.08.27"]
[SourceQuality "2"]

1. d4 Nf6 2. c4 c5 3. d5 b5 4. cxb5 a6 5. b6 e6 6. Nc3 exd5 7. Nxd5 Nxd5 8. Qxd5 Nc6 9. Nf3 Rb8 10. g3 Be7 11. Bh3 O-O 12. O-O Rxb6 13. b3 Nb4 14. Qd2 Rd6 15. Qe3 Bf6 16. Qxc5 Rc6 17. Qxb4 Bxa1 18. Ba3 Bf6 19. Qxf8+ Qxf8 20. Bxf8 Kxf8 21. Rd1 Ke7 22. e4 Bb2 23. Nd4 Bxd4 24. Rxd4 Rc2 25. a4 g6 26. e5 Rc1+ 27. Bf1 a5 28. Rc4 Rxc4 29. Bxc4 f6 30. exf6+ Kxf6 31. f4 Kf5 32. Kf2 Ke4 33. Bg8 h6 34. Bh7 Kf5 35. Ke3 d6 36. Bg8 Kg4 37. Bf7 Bf5 38. b4 axb4 39. a5 d5 40. Bxd5 Bc2 41. Be4 b3 42. Bxg6 b2 43. Kd2 h5 44. Kxc2 h4 45. f5 1-0

[Event "CAN-ch"]
[Site "Montreal CAN"]
[Date "2001.08.23"]
[Round "4"]
[White "Chabot, Roland"]
[Black "Reddy, Tyler"]
[Result "1-0"]
[WhiteElo "2225"]
[BlackElo "2084"]
[PlyCount "89"]
[GameId "2160767911546946"]
[EventDate "2001.08.21"]
[EventType "swiss"]
[EventRounds "9"]
[EventCountry "CAN"]
[SourceTitle "The Week in Chess 355"]
[Source "Mark Crowther"]
[SourceDate "2001.08.27"]
[SourceVersion "1"]
[SourceVersionDate "2001.08.27"]
[SourceQuality "2"]

1. d4 d5 2. e3 Nf6 3. Bd3 c5 4. c3 Nc6 5. dxc5 a5 6. Bb5 e5 7. Nf3 Qc7 8. Bxc6+ bxc6 9. b4 Ba6 10. a3 Be7 11. Nbd2 O-O 12. Bb2 Rad8 13. Nb3 a4 14. Nc1 Bb5 15. Ne2 Ne4 16. Qc2 f6 17. Nd2 Nxd2 18. Qxd2 f5 19. O-O-O Bc4 20. Kb1 Bg5 21. Rde1 Bh6 22. g3 Qb7 23. f4 Rde8 24. Ng1 Qa6 25. Nf3 Bd3+ 26. Ka1 exf4 27. gxf4 Be4 28. Rhf1 Bxf3 29. Rxf3 Re4 30. Rg1 g6 31. h4 Rfe8 32. h5 Kf7 33. hxg6+ hxg6 34. Rfg3 R4e6 35. Qg2 Bxf4 36. Rxg6 Rxe3 37. Rg7+ Kf8 38. Rg8+ Ke7 39. Rxe8+ Kxe8 40. Qg6+ Kd8 41. Qf6+ Re7 42. Rg8+ Kd7 43. Qxf5+ Re6 44. Rg7+ Kd8 45. Qxf4 1-0

[Event "CAN-ch"]
[Site "Montreal CAN"]
[Date "2001.08.23"]
[Round "4"]
[White "Gaspariants, Vladimir"]
[Black "Hamilton, Robert"]
[Result "1-0"]
[WhiteElo "2305"]
[BlackElo "2307"]
[PlyCount "105"]
[GameId "2160767911546947"]
[EventDate "2001.08.21"]
[EventType "swiss"]
[EventRounds "9"]
[EventCountry "CAN"]
[SourceTitle "The Week in Chess 355"]
[Source "Mark Crowther"]
[SourceDate "2001.08.27"]
[SourceVersion "1"]
[SourceVersionDate "2001.08.27"]
[SourceQuality "2"]

1. e4 d6 2. d4 Nf6 3. Nc3 g6 4. g3 Bg7 5. Bg2 O-O 6. Nge2 c6 7. O-O e5 8. h3 b5 9. a3 Bb7 10. Be3 Nbd7 11. g4 Re8 12. Ng3 Nb6 13. dxe5 dxe5 14. Qxd8 Raxd8 15. b3 Nfd7 16. Rfd1 Bf8 17. a4 b4 18. a5 bxc3 19. axb6 axb6 20. Ra7 Bc8 21. Rc7 b5 22. Rxc6 b4 23. Rxc8 Rxc8 24. Rxd7 Red8 25. Rxd8 Rxd8 26. Bf1 Bd6 27. Bd3 Kg7 28. h4 h6 29. h5 Rc8 30. Kf1 Bc5 31. Bxc5 Rxc5 32. Ke2 Kf6 33. Ke3 Kg5 34. Be2 Rc7 35. Nf1 Ra7 36. Nh2 Rd7 37. Nf3+ Kf6 38. g5+ hxg5 39. h6 g4 40. Nh2 Kg5 41. h7 Rd8 42. Nxg4 f6 43. Bc4 Rh8 44. Nxf6 Kxf6 45. Bg8 Kg5 46. f4+ Kf6 47. Kf3 Kg7 48. f5 Kf6 49. fxg6 Kg7 50. Kg3 Kh6 51. Kh4 Kxg6 52. Kg4 Kh6 53. Kf5 1-0

[Event "CAN-ch"]
[Site "Montreal CAN"]
[Date "2001.08.23"]
[Round "4"]
[White "Gurevich, Artjom"]
[Black "St Amand, Paul Jr"]
[Result "1-0"]
[WhiteElo "2197"]
[BlackElo "2208"]
[PlyCount "113"]
[GameId "2160767911546949"]
[EventDate "2001.08.21"]
[EventType "swiss"]
[EventRounds "9"]
[EventCountry "CAN"]
[SourceTitle "EXT 2002"]
[Source "ChessBase"]
[SourceDate "2001.11.25"]
[SourceVersion "1"]
[SourceVersionDate "2001.11.25"]
[SourceQuality "1"]

1. e4 c5 2. Nf3 d6 3. d4 cxd4 4. Qxd4 Nc6 5. Bb5 Bg4 6. Nc3 a6 7. Bxc6+ bxc6 8. Bg5 Bxf3 9. gxf3 Qa5 10. f4 Rb8 11. O-O-O Qb4 12. Qxb4 Rxb4 13. a3 Rb8 14. Rhe1 f6 15. Bh4 e6 16. Ne2 Kd7 17. c4 Nh6 18. Nd4 c5 19. Nc2 Kc6 20. Ne3 Be7 21. f5 exf5 22. Nxf5 Nxf5 23. exf5 Rhe8 24. Re6 Bf8 25. Rde1 Kd7 26. Kc2 Re7 27. Bg3 Rb6 28. Kc3 g6 29. b4 cxb4+ 30. axb4 gxf5 31. Rxe7+ Bxe7 32. Rd1 Ke6 33. Re1+ Kd7 34. Rb1 Kc6 35. Kd4 Rb7 36. Bf4 Bd8 37. Ra1 Rxb4 38. Rxa6+ Rb6 39. Ra8 Kd7 40. Bd2 Rc6 41. Ra7+ Ke6 42. Rxh7 Bb6+ 43. Kd3 Bxf2 44. h4 Bg3 45. h5 f4 46. Rg7 Rc5 47. h6 Rh5 48. h7 Kf5 49. Bb4 Bh2 50. Bxd6 f3 51. Bxh2 f2 52. Ke2 Rxh2 53. c5 Ke5 54. c6 f5 55. c7 Kf6 56. Rd7 f4 57. c8=Q 1-0

[Event "CAN-ch"]
[Site "Montreal CAN"]
[Date "2001.??.??"]
[Round "5"]
[White "Kiviaho, Robert"]
[Black "Lipnowski, Irwin"]
[Result "1-0"]
[WhiteElo "2310"]
[BlackElo "2360"]
[PlyCount "125"]
[GameId "2160767911546960"]
[EventDate "2001.08.21"]
[EventType "swiss"]
[EventRounds "9"]
[EventCountry "CAN"]
[SourceTitle "CFC 2002.04"]
[Source "CFC"]
[SourceDate "2002.04.??"]
[SourceVersionDate "2002.04.??"]
[SourceQuality "1"]

1. d4 g6 2. e4 Bg7 3. Nc3 d6 4. Be3 a6 5. Qd2 b5 6. f3 Bb7 7. h4 h5 8. Nh3 Nd7 9. Ng5 Ngf6 10. Qf2 e6 11. Bd3 Qe7 12. a4 b4 13. Nb1 c5 14. c3 O-O 15. Nd2 Rfc8 16. cxb4 cxd4 17. Bxd4 e5 18. Bc3 d5 19. Nb3 dxe4 20. fxe4 Ng4 21. Qe2 f6 22. Nf3 f5 23. exf5 gxf5 24. Bxf5 Rxc3 25. bxc3 e4 26. Nfd4 Nde5 27. O-O-O e3 28. Nc5 Bd5 29. Be6+ Bxe6 30. Ncxe6 Rc8 31. Nc5 Rxc5 32. bxc5 Qxc5 33. Qb2 Nf2 34. Kb1 Nxh1 35. Rxh1 Nd3 36. Qb3+ Kh8 37. Rd1 Nf2 38. Rc1 Qe7 39. Ne2 Ne4 40. Ka1 Nd2 41. Qa2 Qe4 42. Re1 Qxg2 43. Qf7 Qg4 44. Nf4 Bxc3+ 45. Ka2 Bg7 46. Qxh5+ Qxh5 47. Nxh5 Bd4 48. Nf4 Kh7 49. Ne2 Be5 50. Rc1 Kg6 51. Rc6+ Kf5 52. Rxa6 Kg4 53. Re6 Kf5 54. Re8 Nf3 55. a5 Ke4 56. a6 Kd3 57. a7 Kxe2 58. a8=Q Bc3 59. h5 Ne5 60. Qe4 Kd2 61. Rxe5 Bxe5 62. Qxe5 e2 63. Qxe2+ 1-0

[Event "CAN-ch"]
[Site "Montreal CAN"]
[Date "2001.08.24"]
[Round "5"]
[White "Gardner, Robert"]
[Black "Ochkoos, Jura"]
[Result "1/2-1/2"]
[WhiteElo "2206"]
[BlackElo "2285"]
[PlyCount "87"]
[GameId "2160767911546961"]
[EventDate "2001.08.21"]
[EventType "swiss"]
[EventRounds "9"]
[EventCountry "CAN"]
[SourceTitle "The Week in Chess 355"]
[Source "Mark Crowther"]
[SourceDate "2001.08.27"]
[SourceVersion "1"]
[SourceVersionDate "2001.08.27"]
[SourceQuality "2"]

1. e4 e5 2. Nf3 Nc6 3. d4 exd4 4. Nxd4 Bc5 5. Nxc6 Qf6 6. Qd2 dxc6 7. Nc3 Bd7 8. Bd3 Qg6 9. Qg5 Qxg5 10. Bxg5 f6 11. Bd2 Ne7 12. Na4 Bd6 13. Be3 b6 14. c4 c5 15. Nc3 Be5 16. Kd2 O-O-O 17. f4 Bxc3+ 18. Kxc3 Nc6 19. a3 a5 20. b3 Be6 21. Rhd1 Bg4 22. Rd2 Rd6 23. h3 Bh5 24. g4 Bf7 25. Rad1 h6 26. Bc2 Rhd8 27. Bf2 Rxd2 28. Rxd2 Rxd2 29. Kxd2 Nd4 30. Bd1 g5 31. fxg5 fxg5 32. h4 Bg6 33. hxg5 hxg5 34. Kd3 Ne6 35. Bg3 Kd7 36. Be5 Ke7 37. Ke3 Be8 38. Bc3 Nf4 39. Be5 Ne6 40. Bc2 Bd7 41. Bc3 Nf4 42. Kf3 Bc6 43. Ke3 Bd7 44. Kf3 1/2-1/2

[Event "CAN-ch"]
[Site "Montreal CAN"]
[Date "2001.08.24"]
[Round "5"]
[White "Gurevich, Artjom"]
[Black "Milicevic, Dragoljub"]
[Result "1/2-1/2"]
[WhiteElo "2197"]
[BlackElo "2269"]
[PlyCount "79"]
[GameId "2160767911546963"]
[EventDate "2001.08.21"]
[EventType "swiss"]
[EventRounds "9"]
[EventCountry "CAN"]
[SourceTitle "EXT 2002"]
[Source "ChessBase"]
[SourceDate "2001.11.25"]
[SourceVersion "1"]
[SourceVersionDate "2001.11.25"]
[SourceQuality "1"]

1. d4 d6 2. e4 Nf6 3. Nc3 g6 4. Be3 Bg7 5. Qd2 Ng4 6. Bg5 h6 7. Bh4 c6 8. Nf3 b5 9. Bd3 g5 10. Bg3 e5 11. Ne2 exd4 12. Nexd4 Ne5 13. O-O-O Nxf3 14. Nxf3 g4 15. Nh4 Bf6 16. Nf5 Bxf5 17. exf5 Be5 18. Bf4 Bxf4 19. Qxf4 Qg5 20. Qxg5 hxg5 21. Rde1+ Kf8 22. Re4 Nd7 23. Rxg4 f6 24. f4 Rh4 25. Rxh4 gxh4 26. Re1 Nc5 27. b4 Nxd3+ 28. cxd3 Kf7 29. g4 hxg3 30. hxg3 c5 31. Re6 Rd8 32. Kc2 cxb4 33. g4 Rg8 34. Rxd6 Rxg4 35. Rd7+ Ke8 36. Rd4 a5 37. Kb3 Rg3 38. Rd5 Ke7 39. Kc2 Rg2+ 40. Kb3 1/2-1/2

[Event "CAN-ch"]
[Site "Montreal CAN"]
[Date "2001.08.24"]
[Round "5"]
[White "Odachowski, Arthur"]
[Black "Chabot, Roland"]
[Result "1/2-1/2"]
[WhiteElo "2197"]
[BlackElo "2225"]
[PlyCount "92"]
[GameId "2160767911546968"]
[EventDate "2001.08.21"]
[EventType "swiss"]
[EventRounds "9"]
[EventCountry "CAN"]
[SourceTitle "The Week in Chess 355"]
[Source "Mark Crowther"]
[SourceDate "2001.08.27"]
[SourceVersion "1"]
[SourceVersionDate "2001.08.27"]
[SourceQuality "2"]

1. d4 Nf6 2. c4 d6 3. Nc3 Nbd7 4. Nf3 c6 5. e4 e5 6. Be2 Be7 7. O-O O-O 8. Re1 a6 9. d5 cxd5 10. cxd5 b5 11. b4 Nb6 12. Nd2 Bd7 13. Nb3 Rc8 14. Bb2 Nc4 15. Bxc4 Rxc4 16. a3 Qb6 17. Na5 Rc7 18. Rc1 Rfc8 19. Qe2 Bd8 20. h3 h6 21. Kh2 Nh7 22. Nb1 Bg5 23. Rc3 Bf4+ 24. g3 Bg5 25. Rf1 Bf6 26. Rfc1 Rxc3 27. Rxc3 Rxc3 28. Bxc3 Ng5 29. g4 Nh7 30. Bd2 Bg5 31. f3 Nf8 32. Bxg5 hxg5 33. Nd2 Ng6 34. Nf1 Nf4 35. Qe3 Qc7 36. Qd2 Kf8 37. Ne3 g6 38. Ng2 f6 39. h4 Kg7 40. hxg5 fxg5 41. Nxf4 gxf4 42. Kg2 Qc8 43. Kh3 Qh8+ 44. Kg2 Qc8 45. Kh3 Qh8+ 46. Kg2 Qc8 1/2-1/2